000 007460000a22002170004500
003 LK-CoMWRAF
005 20240605151929.0
008 230817t2002 ||||| |||| 00| 0 eng d
040 _aLK-CoMWRAF
_dLK-CoMWRAF
_eLK-CoMWRAF
041 _aeng
082 _a345
_bSAH
100 _aShah, Hassam Qadir
245 _aDon`t let them get away with murder ( booklet on criminal procedures):
_bbasic questions answered
260 _aLahore:
_bShrkat Gah Women's Resource Center,
_c2002
300 _a52 p. : tables, ill
650 _aCRIMINAL PROCEDURE
650 _aWomen - Crimes against
700 _aMalick, Nabila
_eed.
856 _uhttps://shirkatgah.org/shirkat/wp-content/uploads/2017/01/Dont-let-them-Get-Away-with-Murder.pdf
942 _cBK
999 _c455
_d455